Planning decision statistics and the uses classes debate (Record no. 3362)

MARC details
000 -LEADER
fixed length control field 01186cab a2200217 4500
001 - CONTROL NUMBER
control field ABS37621
008 - FIXED-LENGTH DATA ELEMENTS--GENERAL INFORMATION
fixed length control field 090401t1987 xxu||||| |||| 00| 0 eng d
035 ## - SYSTEM CONTROL NUMBER
System control number (Sirsi) u5635
041 ## - LANGUAGE CODE
Language code of text/sound track or separate title eng
100 ## - MAIN ENTRY--PERSONAL NAME
Personal name Home, R.K.
245 ## - TITLE STATEMENT
Title Planning decision statistics and the uses classes debate
260 ## - PUBLICATION, DISTRIBUTION, ETC.
Date of publication, distribution, etc. 1987
350 ## - PRICE (NR) (BK AM CF MU VM SE) [OBSOLETE]
Price 0
490 ## - SERIES STATEMENT
Series statement Journal of Planning and Environment Law
Volume/sequential designation March 1987, 167(7)
520 ## - SUMMARY, ETC.
Summary, etc. A quantative analysis based upon statistical evidence from the DoE `s Development Control Statistics on the problems of modernising the Town and Country Planning ( Use Classes ) Order. An attempt is made to gauge the impact of changes and the extent statistics answer questions as to whether the proposed changes will reduce the volume of planning applications ; whether applications removed from planning control will be predominantly non-controversial; whether local authorities have been too restrictive with change of use applications; and finally, whether the proposals will affect the level of enforcement activity.
650 ## - SUBJECT ADDED ENTRY--TOPICAL TERM
Topical term or geographic name entry element ENFORCEMENT NOTICES
650 ## - SUBJECT ADDED ENTRY--TOPICAL TERM
Topical term or geographic name entry element PLANNING APPEALS
690 ## - LOCAL SUBJECT ADDED ENTRY--TOPICAL TERM (OCLC, RLIN)
Topical term or geographic name as entry element PLANNING LAW AND PRACTICE
942 ## - ADDED ENTRY ELEMENTS (KOHA)
Suppress in OPAC 0
948 ## - LOCAL PROCESSING INFORMATION (OCLC); SERIES PART DESIGNATOR (RLIN)
c (OCLC) 04/03/1997
Holdings
Withdrawn status Lost status Source of classification or shelving scheme Damaged status Not for loan Home library Current library Shelving location Date acquired Total Checkouts Full call number Barcode Date last seen Copy number Price effective from Koha item type
    Dewey Decimal Classification     London London Journal article 14/09/1999   ABS37621 5635-1001 06/08/2019 1 06/08/2019 Journal article